[Event "Foment Martinenc-B 2nd"]
[Site "Barcelona"]
[Date "2021.06.12"]
[Round "4"]
[White "Villa Tornero, Alex"]
[Black "Yang, Jack Nathaniel"]
[Result "1-0"]
[WhiteElo "1793"]
[BlackElo "1716"]
[PlyCount "81"]
[EventDate "2021.06.11"]
[EventType "tourn"]
[EventRounds "7"]
[EventCountry "ESP"]
[SourceTitle "EXT 2022"]
[Source "ChessBase"]
[SourceDate "2021.10.06"]
[SourceVersion "1"]
[SourceVersionDate "2021.10.06"]
[SourceQuality "1"]

1. e4 c5 2. Nc3 Nc6 3. Bb5 d6 4. d3 Bd7 5. Bxc6 Bxc6 6. f4 g6 7. Nf3 Bg7 8. 0-0 e6 9. Qe1 Ne7 10. Qh4 0-0 11. f5 exf5 12. Ng5 h6 13. Nh3 h5 14. Bg5 f6 15. Bd2 Be8 16. Rae1 fxe4 17. Nxe4 Nf5 18. Rxf5 gxf5 19. Ng3 f4 20. Nf5 Rf7 21. Nxf4 Bd7 22. Nxg7 Rxg7 23. Nxh5 Rg6 24. Bc3 Kf7 25. Qc4+ Kf8 26. Qh4 Kf7 27. Nf4 Rg7 28. Nd5 Rg6 29. Re7+ Qxe7 30. Nxe7 Kxe7 31. Qh7+ Ke6 32. Qxg6 Rf8 33. Qe4+ Kf7 34. Qxb7 Ke7 35. d4 cxd4 36. Bxd4 f5 37. Qxa7 f4 38. Kf2 f3 39. gxf3 Rf4 40. Be3 Rh4 41. Bg5+ 1-0